Of marriage and the market : women's subordination internationally and its lessons

Αποθηκεύτηκε σε:
Λεπτομέρειες βιβλιογραφικής εγγραφής
Άλλοι συγγραφείς: Young, Kate (Επιμελητής έκδοσης), Wolkowitz, Carol (Επιμελητής έκδοσης), McCullagh, Roslyn (Επιμελητής έκδοσης)
Μορφή: Βιβλίο
Γλώσσα:English
Δημοσίευση: London : Routledge and Kegan Paul, 1984
Θέματα:
Ετικέτες: Προσθήκη ετικέτας
Δεν υπάρχουν, Καταχωρήστε ετικέτα πρώτοι!

MARC

LEADER 00000cam a2200000 i 4500
001 1/82321
008 960926s1984 eng d
020 |a 0-7102-0293-8 
035 |l 10005479 
040 |a GR-MY-UA  |b gre  |e aacr 
041 0 |a eng 
082 0 |a 305.42 
245 1 0 |a Of marriage and the market :  |b women's subordination internationally and its lessons /  |c edited by Kate Young; Carol Wolkowitz; Roslyn McCullagh 
260 |a London :   |b Routledge and Kegan Paul,   |c 1984 
300 |a xix, 235 p.;  |c 22 cm 
504 |a Bibliography: p. 210-227. Includes index 
650 0 0 |a Women  |z Developing countries  |x Congresses. 
650 0 0 |a Sex discrimination against women  |z Developing countries  |x Congresses. 
650 0 0 |a Division of labor  |x Congresses. 
650 0 0 |a Women  |x Employment  |z Developing countries  |x Congresses. 
650 0 0 |a Equality  |x Congresses. 
700 1 |a Young, Kate.  |4 edt 
700 1 |a Wolkowitz, Carol.  |4 edt 
700 1 |a McCullagh, Roslyn.  |4 edt 
852 |a INST  |b LESVOS  |e 19960926  |h 305.42 OFM  |p 005100009181  |q 005100009181  |t BK  |y 0 
909 |a Λ  |b 007547